00703nam a2200181 4500001000700000003000900007005001700016007000300033008004100036100003800077245013900115260004800254300002200302700003700324852002100361999001900382952012000401145015ES-MaACL20230906201139.0t|070214s1935 fr r ||||1| fre d1 aSosa-Rodríguez, Carlos.910744313aLe Droit fluvial international et les fleuves de l'Amerique Latine /cCarlos Sosa-Rodríguez ; preface de M. Simón Planas Suárez. aParis : b[s. n.], c1935 (fImp. Herissey) a192 p. ; c25 cm.1 aPlanas Suárez, Simón.992532 aES-MaACLjA-3793 c145015d145015 00104070aATENEOMbATENEOMcSPP1d2008-01-17eSCl0oA-3793p1151377r2023-02-23 00:00:00w2023-02-23yMONOGRAFIA